[Event "Castelldefels op 3rd"]
[Site "Castelldefels"]
[Date "2006.??.??"]
[Round "7"]
[White "Hernando Rodrigo, Julio Antonio"]
[Black "Berrocal, Jorge"]
[Result "0-1"]
[WhiteElo "2345"]
[BlackElo "2317"]
[PlyCount "98"]
[EventDate "2006.08.16"]
[EventType "swiss"]
[EventRounds "9"]
[EventCountry "ESP"]
[SourceTitle "CBM 113 Extra"]
[Source "ChessBase"]
[SourceDate "2006.09.14"]
[SourceVersion "1"]
[SourceVersionDate "2006.09.14"]
[SourceQuality "1"]

1. d4 Nf6 2. c4 c5 3. d5 b5 4. cxb5 a6 5. Nc3 axb5 6. e4 b4 7. Nb5 d6 8. Bf4 Nbd7 9. Nf3 Ba6 10. e5 Nh5 11. Bg5 Qb8 12. Nxd6+ exd6 13. Bxa6 dxe5 14. Qe2 Bd6 15. Bb5 h6 16. g4 hxg5 17. gxh5 Qd8 18. Rg1 Rxh5 19. Nxe5 Bxe5 20. Qxh5 Bxb2 21. Rg3 Kf8 22. Qh8+ Ke7 23. d6+ Kxd6 24. Rd1+ Bd4 25. Qh3 Ne5 26. Re3 Qf6 27. a4 g4 28. Qg2 Nf3+ 29. Kf1 Rh8 30. Qg3+ Ne5 31. Qg2 Qf4 32. Rxe5 Kxe5 33. Re1+ Kf6 34. Qc6+ Kg5 35. Qd5+ f5 36. Re2 Rxh2 37. Qd8+ Bf6 38. Qd2 Qxd2 39. Rxd2 g3 40. a5 Rh1+ 41. Kg2 Ra1 42. Kxg3 Be5+ 43. Kg2 Rxa5 44. Bc4 Bd4 45. Re2 Ra3 46. Re7 Rc3 47. Bf7 Rc2 48. Re6 Kf4 49. Bg6 Rxf2+ 0-1

[Event "BOL-ch"]
[Site "Santa Cruz"]
[Date "2003.10.15"]
[Round "11.3"]
[White "Vila, Johny"]
[Black "Berrocal, Jorge"]
[Result "0-1"]
[WhiteElo "2189"]
[BlackElo "2252"]
[PlyCount "26"]
[EventDate "2003.10.09"]
[EventType "tourn"]
[EventRounds "11"]
[EventCountry "BOL"]
[SourceTitle "EXT 2004"]
[Source "ChessBase"]
[SourceDate "2003.11.25"]
[SourceVersion "1"]
[SourceVersionDate "2003.11.25"]
[SourceQuality "1"]

1. d4 Nf6 2. c4 g6 3. Nc3 Bg7 4. e4 d6 5. Be2 0-0 6. Nf3 e5 7. 0-0 Nc6 8. dxe5 dxe5 9. Qxd8 Rxd8 10. Bg5 Re8 11. Nd5 Nxd5 12. cxd5 Nd4 13. Rfe1 Nc2 0-1

[Event "BOL-ch"]
[Site "Santa Cruz"]
[Date "2003.10.13"]
[Round "7.1"]
[White "Berrocal, Jorge"]
[Black "Andrade, Marko"]
[Result "1-0"]
[WhiteElo "2252"]
[BlackElo "2157"]
[PlyCount "143"]
[EventDate "2003.10.09"]
[EventType "tourn"]
[EventRounds "11"]
[EventCountry "BOL"]
[SourceTitle "EXT 2004"]
[Source "ChessBase"]
[SourceDate "2003.11.25"]
[SourceVersion "1"]
[SourceVersionDate "2003.11.25"]
[SourceQuality "1"]

1. d4 Nf6 2. c4 g6 3. Nc3 Bg7 4. e4 d6 5. Nf3 0-0 6. Be2 e5 7. 0-0 Nc6 8. d5 Ne7 9. Ne1 Ne8 10. f4 f5 11. fxe5 Bxe5 12. Bh6 Ng7 13. Nf3 Bf6 14. Qd2 Kh8 15. Bd3 Ng8 16. Be3 Re8 17. Rae1 Re7 18. Nd4 Qe8 19. Bf2 Bd7 20. exf5 gxf5 21. Nce2 Qf7 22. Kh1 Rae8 23. Bg1 Be5 24. Nf3 Qh5 25. Nxe5 dxe5 26. Ng3 Qg6 27. Bc2 Nh6 28. Re2 Ng4 29. Ree1 Rf7 30. Qc3 Qh6 31. Bd1 f4 32. Bxg4 Bxg4 33. Rxe5 Ref8 34. Re4 Qg6 35. Qd4 Qg5 36. Ne2 Bxe2 37. Rxe2 Kg8 38. Qd3 Nf5 39. Bc5 Ng3+ 40. Kg1 Nxe2+ 41. Qxe2 f3 42. Qc2 Qxg2+ 43. Qxg2+ fxg2 44. Rxf7 Rxf7 45. Kxg2 b6 46. Be3 a5 47. b3 Kg7 48. d6 c5 49. Bg5 Rd7 50. Be7 Kg6 51. Kg3 Kf5 52. Kf3 Ke5 53. Kg4 Ra7 54. a4 Kd4 55. Kf5 Kc3 56. Ke6 Kxb3 57. Bd8 Kxc4 58. Bxb6 Ra6 59. Bc7 Kb3 60. Kd5 Rxd6+ 61. Kxd6 c4 62. Bxa5 Kxa4 63. Bd2 Kb3 64. Ke5 Kc2 65. Bh6 Kd3 66. Kf4 c3 67. Kg4 Ke4 68. h3 c2 69. h4 Ke5 70. h5 Ke4 71. Bc1 Ke5 72. Kg5 1-0

[Event "BOL-ch"]
[Site "Santa Cruz"]
[Date "2003.10.09"]
[Round "1.4"]
[White "Berrocal, Jorge"]
[Black "Campero, Ronald"]
[Result "1/2-1/2"]
[WhiteElo "2252"]
[BlackElo "2176"]
[PlyCount "28"]
[EventDate "2003.10.09"]
[EventType "tourn"]
[EventRounds "11"]
[EventCountry "BOL"]
[SourceTitle "EXT 2004"]
[Source "ChessBase"]
[SourceDate "2003.11.25"]
[SourceVersion "1"]
[SourceVersionDate "2003.11.25"]
[SourceQuality "1"]

1. c4 e5 2. Nc3 Nc6 3. Nf3 g6 4. g3 Bg7 5. Bg2 d6 6. 0-0 Be6 7. d3 h6 8. Be3 Qd7 9. Rc1 Nge7 10. Qb3 0-0 11. Nd5 Bxd5 12. cxd5 Nd8 13. Nd2 c5 14. a4 b6 1/2-1/2